Datum a čas kvízu
27.5
Celkem bodů
Celkový počet nahraných bodů na tomto kvízu bez doplňovacích otázek.
7.
Pořadí na kvízu
Konečné umístění týmu na tomto kvízu.
Zaznamenané odpovědi
| # | Otázka | Odpověď | Body | Výsledky |
|---|---|---|---|---|
| 1. | Matematik a podnikatel Karel J... | Tohle jsme my | 0 | |
| 2. | Která zhruba pětimilionová evr... | Irsko | 0 | |
| 3. | Ve čtvrtek mělo v českých kine... | Spencer | 0 | |
| 4. | Ocenění nejlepšího lyžařského... | ve Švýcarsku | 1 | |
| 5. | Biatlonistka Markéta Davidová... | B) ve vytrvalostním závodě | 0 | |
| 6. | V 17. a 18. století dominovala... | merkantilismus | 0 | |
| 7. | Za zakladatele klasické ekonom... | Adam Smith | 0 | |
| 8. | Ve kterém roce došlo ke krachu... | V roce 1929. (Uznáváme 1927–1931.) | 0 | |
| 9. | Současný měnový systém byl for... | Jamajka | 1 | |
| 10. | Na závěr se podíváme do eurozó... | B | 1 |